00641nam a2200193 i 4500001000700000003000900007005001700016007000300033008004100036100003900077245005800116260005200174300002200226490006800248650002000316650002200336830006800358852002100426188006ES-MaACL20260217063018.0t|180409s1932 xxk ||||1| eng d1 aIngham, Albert Edward, d1900-196714aThe distribution of prime numbers / cby A.E. Ingham. aCambridge : bCambridge University Press, 1932. a114 p. ; c22 cm.1 aCambridge tracts in mathematics and mathematical physics ; v30 4aFunciones Zeta. 4aNúmeros primos.0 aCambridge tracts in mathematics and mathematical physics ; v30 aES-MaACLjC-8168